书目信息 |
| 题名: |
生物化学系统的计算分析
|
|
| 作者: | 沃伊特, 著 ;储炬 , 李友荣 译 | |
| 分册: | ||
| 出版信息: | 北京 化学工业出版社 2006.01 |
|
| 页数: | 340页, [2] 页图版 | |
| 开本: | 26cm | |
| 丛书名: | ||
| 单 册: | ||
| 中图分类: | Q5 | |
| 科图分类: | ||
| 主题词: | 生物化学--sheng wu hua xue--计算方法 | |
| 电子资源: | ||
| ISBN: | 7-5025-7614-2 | |
| 000 | 01174nam0 2200301 450 | |
| 001 | 012006645952 | |
| 005 | 20061116111225.76 | |
| 010 | @a7-5025-7614-2@dCNY49.00 | |
| 100 | @a20060512d2006 km y0chiy0120 ea | |
| 101 | 1 | @achi@ceng |
| 102 | @aCN@b110000 | |
| 105 | @aaf a 000yy | |
| 200 | 1 | @a生物化学系统的计算分析@Asheng wu hua xue xi tong de ji suan fen xi@f(美) 埃伯哈德·O·沃伊特著@F(mei)ai bo ha de·O·wo yi te zhu@g储炬, 李友荣译@Gchu ju,li you rong yi |
| 210 | @a北京@c化学工业出版社@d2006.01 | |
| 215 | @a340页, [2] 页图版@c图@d26cm | |
| 306 | @a本书中文简体字版由剑桥大学出版社授权化学工业出版社独家出版发行。 | |
| 312 | @a并列题名取自封面。 | |
| 320 | @a有书目 (第320-340页)。 | |
| 330 | @a本书是一本介绍生物化学的书籍。内容包括:生化系统的图形表示法、生物化学系统的模型、从图形到方程等。 | |
| 333 | @a生物化学研究者 | |
| 510 | 1 | @aComputational analysis of biochemical systems@zeng |
| 606 | 0 | @a生物化学@Asheng wu hua xue@x计算方法 |
| 690 | @aQ5@v4 | |
| 701 | 1 | @a沃伊特,@Awo yi te,@bE. O.@g(Voit, Eberhard O.)@4著 |
| 702 | 0 | @a储炬@Achu ju@4译 |
| 702 | 0 | @a李友荣@Ali you rong@4译 |
| 801 | 0 | @aCN@c20061116 |
| 905 | @a10447@dQ5@eW705 | |
| 生物化学系统的计算分析/(美) 埃伯哈德·O·沃伊特著/储炬, 李友荣译.-北京:化学工业出版社,2006.01 |
| 340页, [2] 页图版:图;26cm |
| 使用对象:生物化学研究者 |
| ISBN 7-5025-7614-2:CNY49.00 |
| 本书是一本介绍生物化学的书籍。内容包括:生化系统的图形表示法、生物化学系统的模型、从图形到方程等。 |
| ● |
| 相关链接 |
|
|
|
正题名:生物化学系统的计算分析
索取号:Q5/W705
 
预约/预借
| 序号 | 登录号 | 条形码 | 馆藏地/架位号 | 状态 | 备注 |
| 1 | 580627 | 205806270 | 自科二线504/504自科库 44排1列5层/ [索取号:Q5/W705] | 在馆 | |
| 2 | 580628 | 205806289 | 自科库401/409社科库 28排3列4层/ [索取号:Q5/W705] | 在馆 | |
| 3 | 580629 | 205806298 | 自科二线504/504自科库 43排6列6层/ [索取号:Q5/W705] | 在馆 | |
| 4 | 639062 | 206390626 | 自科二线504/504自科库 44排6列2层/ [索取号:Q5/W705] | 在馆 | |
| 5 | 639063 | 206390635 | 自科库401/409社科库 28排3列4层/ [索取号:Q5/W705] | 在馆 |